Pre budúce sklady sú kľúčové cesty a logistické zázemie

Otázka výberu lokality skladov. Kritériá pre potencionálneho nájomníka. Trendy vo výstavbe skladov.

Guardado en:
Detalles Bibliográficos
Autor principal: Szmrecsányi, Tomáš
Formato: Capítulo de libro
Lenguaje:eslovaco
Materias:
Etiquetas: Agregar Etiqueta
Sin Etiquetas, Sea el primero en etiquetar este registro!

MARC

LEADER 00000naa a2200000 4500
001 0282867
005 20240417075200.3
041 0 |a slo 
044 |a CZ 
245 1 0 |a Pre budúce sklady sú kľúčové cesty a logistické zázemie  |c Tomáš Szmrecsányi 
520 |a Otázka výberu lokality skladov. Kritériá pre potencionálneho nájomníka. Trendy vo výstavbe skladov. 
610 2 0 |a sklady 
610 2 0 |a výstavba investičná 
610 2 0 |a nehnuteľnosti 
610 2 0 |a lokalizácia 
100 1 |a Szmrecsányi, Tomáš